000 00649nam a2200217Ii 4500
001 19452
003 CO-ViMGA
008 241108s9999||||xx |||||||||||||| ||und||
020 _a9789587158168
040 _aCO-ViMGA
_bspa
_erda
_cCO-ViMGA
041 0 _aspa
082 0 4 _a231.73 B67a
100 1 _aDenis Borel
_946061
245 1 0 _aÁngeles, milagros y demonios :
_bfenómenos entre el cielo y la tierra
264 1 _aBogotá, Colombia : San Pablo, 2012
300 _avolumen
336 _atext
_btxt
_2rdacontent
337 _aunmediated
_bn
_2rdamedia
338 _avolume
_bnc
_2rdacarrier
940 _aidficha_siabuc: 19108. -- ficha_no_siabuc:19452
999 _c40610
_d40610